Du sport à la politique - Chefs d'Etat et de gouvernement - Statistiques

Statistiques générales
  • Ce quiz a été pris 7 fois
  • Le résultat moyen est 3 sur 9
Statistiques - réponses
Discipline Années de participation Réponse % Correct
Bobsleigh Monaco 1988 1992 1994 1998 2002 Albert II de Monaco
100%
Voile Espagne 1992 Felipe VI d'Espagne
50%
Voile Norvège 1964 1968 1972 Harald V de Norvège
50%
Voile Espagne 1972 Juan Carlos d'Espagne
33%
Voile Grèce 1960 Constantin II de Grèce
17%
Haltérophilie Nauru 1992 1996 2000 Marcus Stephen
0%
Voile Norvège 1928 Olav V de Norvège
0%
Escrime Hongrie 1968 1972 1976 Pal Schmitt
0%
Tir Japon 1976 Taro Aso
0%
Aucun quiz correspondant
Distribution des résultats
% des personnes avec chaque résultat
Percentile par nombre de réponses
Votre historique - résultats
Vous n’avez pas pris ce quiz